Σχεδιασμός των Μεταφορών και Στοιχεία Σιδηροδρομικής (Record no. 6033)
[ view plain ]
| 000 -LEADER | |
|---|---|
| fixed length control field | 01394cam a22001934a 4500 |
| 005 - ΗΜΕΡΟΜΗΝΙΑ ΚΑΙ ΩΡΑ ΤΕΛΕΥΤΑΙΑΣ ΕΝΗΜΕΡΩΣΗΣ | |
| Πεδίο ελέγχου | 20250605164231.0 |
| 008 - FIXED-LENGTH DATA ELEMENTS--GENERAL INFORMATION | |
| Πεδίο ελέγχου σταθερού μήκους | 250528s ||||||||||||||||||||||||d |
| 035 ## - SYSTEM CONTROL NUMBER | |
| System control number | 20956 |
| 020 ## - ISBN | |
| ISBN | 9789602662304 |
| 040 ## - ΠΗΓΗ ΚΑΤΑΛΟΓΟΓΡΑΦΗΣΗΣ | |
| Φορέας πρωτότυπης καταλογογράφησης | MC Athens Campus Library |
| Γλώσσα καταλογογράφησης | Ελληνικά, Μοντέρνα (1453-) |
| Modifying agency | MC Athens Campus Library |
| Κανόνες περιγραφικής καταλογογράφησης | AACR2 |
| 245 1# - ΤΙΤΛΟΣ ΚΑΙ ΔΗΛΩΣΗ ΥΠΕΥΘΥΝΟΤΗΤΑΣ | |
| Τίτλος | Σχεδιασμός των Μεταφορών και Στοιχεία Σιδηροδρομικής |
| 260 ## - PUBLICATION, DISTRIBUTION, ETC. | |
| Name of publisher, distributor, etc. | Συμμετρία, |
| Date of publication, distribution, etc. | 2008 |
| 300 ## - PHYSICAL DESCRIPTION | |
| Extent | 378 |
| 520 ## - SUMMARY, ETC. | |
| Summary, etc. | Εισαγωγή στην Τεχνική των Μεταφορών, Συστατικά Στοιχεία Μεταφορικών Συστημάτων, Η Ζήτηση για Μεταφορές, Η Προσφορά Μεταφορικής Εξυπηρέτησης, Μεταφορικά Δίκτυα, Σιδηροδρομική Τεχνική, Επιδομή, Υποδομή, Τροχαίο Υλικό, Τερματικές Εγκαταστάσεις, Μέσα Ασφάλειας Σιδηροδρόμων, Απόδοση Σιδηροδρομικού Δικτύου, Σχεδιασμός Σιδηροδρομικού Δικτύου, Σιδηροδρομικές Μεταφορές στην Ελλάδα, Πίνακες και Νομογραφήματα, Βιβλιογραφία, Ερωτήσεις και Προβλήματα. |
| 700 1# - ΠΡΟΣΘΕΤΗ ΑΝΑΓΡΑΦΗ--ΦΥΣΙΚΟ ΠΡΟΣΩΠΟ | |
| Personal name | Ματσούκης Ευάγγελος - Γεράσιμος |
| 9 (RLIN) | 6948 |
| 942 ## - ADDED ENTRY ELEMENTS (KOHA) | |
| Koha item type | Books |
| Τύπος τεκμηρίου | Βιβλιοθήκη | Τρέχουσα τοποθεσία | Barcode | Αριθμός εισαγωγής | Ημερομηνία απόκτησης | Ταξιθετικό σύμβολο | Αριθμός αντιτύπου | Κατάσταση απόσυρσης | Κατάσταση χαμένου | Κατάσταση κατεστραμμένου | Μη δανεισμός | Σύνολο δανεισμών | Ημερομηνία τελευταίας εμφάνισης | Η τιμή ισχύει από |
|---|---|---|---|---|---|---|---|---|---|---|---|---|---|---|
| Books | MC Athens Campus Library | MC Athens Campus Library | 9780000060327 | 6699 | 05/06/2025 | 385 MAT | 1 | 05/06/2025 | 05/06/2025 |